000 00253nam a22001217a 4500
008 170328b xxu||||| |||| 00| 0 eng d
041 _aeng
080 _a615.83
100 _a8
101 _aSHM
245 _aSCOUTING REPORT
_cMUROHY.D
942 _2udc
_cBK
999 _c8767
_d8767